| 000 | 01050cam a2200325 i 4500 | ||
|---|---|---|---|
| 001 | 16488007 | ||
| 003 | OSt | ||
| 005 | 20140310182747.0 | ||
| 008 | 101004s2011 enk b 001 0 eng | ||
| 010 | _a 2010042300 | ||
| 020 | _a9780415590921 (hardback) | ||
| 020 | _a9780415590938 (pbk.) | ||
| 020 | _a9780203819166 (ebook) | ||
| 040 |
_aDLC _beng _cDLC _erda _dDLC |
||
| 042 | _apcc | ||
| 050 | 0 | 0 |
_aLB 1028.5 _b.W627 2011 |
| 100 | 1 | _aWoollard, John | |
| 245 | 1 | 0 |
_aPsychology for the classroom : _bE-learning / _cBy John Woollard. |
| 250 | _aFirst edition. | ||
| 260 |
_aLondon ; _aNew York : _bRoutledge, _c2011. |
||
| 300 |
_a135 p. : _bill. ; _c24 cm. |
||
| 504 | _aIncludes bibliographical references (p. 119-131) and index. | ||
| 521 | _aEDU | ||
| 650 | 0 | _aComputer-assisted instruction. | |
| 650 | 0 | _aEducational psychology. | |
| 906 |
_a7 _bcbc _corignew _d1 _eecip _f20 _gy-gencatlg |
||
| 942 |
_2lcc _cBK _kFOR |
||
| 999 |
_c15682 _d15682 |
||